000 00259nam a22001217a 4500
008 171005b xxu||||| |||| 00| 0 eng d
041 _aeng
080 _a159.9
100 _a49
101 _aPSI
245 _aSOCIAL PSYCHOLGFY
_cHANDEL.L
942 _2udc
_cBK
999 _c31921
_d31921